000 00215nam a22000857a 4500
008 161206b xxu||||| |||| 00| 0 eng d
100 _91837
_aNosov.N
245 _aThe Mites of Flower Town
260 _aMoscow
_bRadussa
_c1976
999 _c4582
_d4582